| 000 | 00357nam a22001457a 4500 | ||
|---|---|---|---|
| 003 | IT-RoPau | ||
| 005 | 20220918181220.0 | ||
| 008 | 140430b xxu||||| |||| 00| 0 eng d | ||
| 040 | _cIT-RoPau | ||
| 100 |
_aFiglie di San San Paolo _923135 |
||
| 245 | _aLe Figlie di San Paolo | ||
| 260 |
_aRoma _bFSP _c1961 |
||
| 300 |
_a16 pp. _c15 cm |
||
| 942 |
_2ddc _cBK |
||
| 999 |
_c104324 _d104324 |
||